LEADER 01069nam a2200253 i 4500 001 000000178087 003 CaOOAMICUS 005 20090306000000.0 008 090306s1962 it u000 u fre u 013 $a155656 040 $aSeMil$bita 100 0 $aPlutarchus ,$d<46-120>.$0(OLS)http://semarc/name/1118 245 10$aDialogue sur les oracles de la Pythie /$cPlutarque ; édition, intoduction et commentaire de Robert Flacelière. 260 $aParis :$bPresses Universitaires de France,$c1962. 300 $av. ;$c20 cm. 490 0 $aÉrasme : collection de textes grecs commentés ;$v6. 700 1 $aFlacelière, Robert.$0(OLS)http://semarc/name/34539 830 0$aÉrasme ;$v6.$0(OLS)http://semarc/title/27511 850 $aSeMil 852 $aSeMil$W1$xVenegono$y1$m1X II 17$j237702$B128879$CSeMilBibl$Z2$F140004 $81 900 0 $aPlutarco. 996 $6245$aDialogue sur les oracles de la Pythie$9(OLS)http://semarc/title/255764 996 $6260$aParis :$bPresses Universitaires de France$9(OLS)http://semarc/publisher/30047 LEADER 00955nam a2200229 i 4500 001 000000235234 003 CaOOAMICUS 005 20141031000000.0 008 141031s1953 it u000 u ita u 013 $a214137 040 $aSeMil$bita 100 1 $aVerdone, Mario.$0(OLS)http://semarc/name/8497 245 13$aIl cinema per ragazzi e la sua storia /$cdi Mario Verdone. 260 $aRoma :$bEdicine,$c1953. 300 $a84 p., [16] p. di tav. :$bill. ;$c24 cm. 490 0 $aI quaderni della Rivista del cinematografo ;$v3 650 4$aCinema - Ragazzi.$0(OLS)http://semarc/subject/41688 830 2$aI quaderni della Rivista del cinematografo ;$v3.$0(OLS)http://semarc/title/41985 850 $aSeMil 852 $aSeMil$W1$xVenegono$y1$m3M III 107$j185580$B185580$CSeMilBibl$Z2$F196483 $81 996 $6245$aIl cinema per ragazzi e la sua storia$9(OLS)http://semarc/title/335453 996 $6260$aRoma :$bEdicine$9(OLS)http://semarc/publisher/38692